Name the Grishaverse Books - Statistics

General Stats
  • This quiz has been taken 287 times
  • The average score is 7 of 7
Answer Stats
Answer % Correct
Shadow and Bone
99%
Six of Crows
99%
Crooked Kingdom
96%
King of Scars
91%
Siege and Storm
91%
Ruin and Rising
88%
Rule of Wolves
88%
No matching quizzes found
Score Distribution
Percent of People with Each Score
Percentile by Number Answered
Your Score History
You have not taken this quiz